| 000 | 00446nam a2200169Ia 4500 | ||
|---|---|---|---|
| 003 | OSt | ||
| 005 | 20260324150622.0 | ||
| 008 | 190216s9999||||xx |||||||||||||| ||und|| | ||
| 040 | _coclc | ||
| 082 |
_a883.01 _bHOM/I |
||
| 100 |
_aHomer _96233 |
||
| 245 | 0 |
_aIlliad / _cHomer |
|
| 260 |
_bPoorna Publications, _aKozhikode: _c1989. |
||
| 300 | _a316p | ||
| 650 | _aGeneral | ||
| 942 |
_cBK _2ddc _h883.01 _iHOM/I _k883.01 _mHOM/I |
||
| 999 |
_c27430 _d27430 |
||